Obras maestras (Registro nro. 11772)

Detalles MARC
000 -Cabecera
Campo de control de longitud fija 00670ntm a22002177a 4500
005 - Fecha y hora de la última transacción
Campo de control 20250522162019.0
008 - Elementos de longitud fija--Información general
Campo de control de longitud fija 190322b xxu||||| |||| 00| 0 spa d
020 ## - International Standard Book Number
Número Internacional Estándar del Libro (ISBN) 9786071418609
041 ## - Idioma
Código de idioma Español
082 ## - Clasificación Decimal Dewey
Número de clasificación 891.863 K11o
100 ## - Entrada principal--Autor personal
Nombre personal Kafka, Franz
9 (RLIN) 28167
245 ## - Título propiamente dicho
Título Obras maestras
260 ## - Pie de imprenta
Lugar de publicación, distribución, etc. México
260 ## - Pie de imprenta
Nombre del editor, distribuidor, etc. Editores Mexicanos Unidos
260 ## - Pie de imprenta
Fecha de publicación, distribución, etc. 2017
300 ## - Descripción física
Extensión 607 páginas
505 ## - Nota de contenido
Nota de contenido Incluye: La metamorfosis, El proceso, Carta al padre, La muralla china y otros relatos, El castillo, Un artista del hambre, En la colonia penitenciaria.
650 ## - Materia general
Temática (materia general) NOVELA CHECOSLOVACA
650 ## - Materia general
Temática (materia general) LITERATURA CHECOSLOVACA
942 ## - Punto de acceso adicional KOHA
Tipo de ítem KOHA Literatura
Fuente del sistema de clasificación o colocación Dewey Decimal Classification
Existencias
Signatura completa Código de barras En préstamo Tipo de ítem
891.863 K11o 24067 16/06/2026 Literatura